| 000 | 00569nam a22002057a 4500 | ||
|---|---|---|---|
| 005 | 20140621082455.0 | ||
| 008 | 940202s1995 nyua b 000 0 eng | ||
| 020 | _a0673523918 | ||
| 024 | 0 | _ceng | |
| 080 | _a308 (73) | ||
| 245 | 0 | 4 | _aThe social fabric / |
| 250 | _a7th ed. | ||
| 260 |
_aNew York : _bHarperCollinsCollegePublishers, _c1995. |
||
| 300 |
_a338 f. : _bme il.; _c24 cm. |
||
| 650 | _aKushtet morale | ||
| 650 | _aSHBA | ||
| 651 | 0 | _aUnited States | |
| 700 | 1 | _aJohn H. Cary ; Julius Weinberg; Thomas L. Hartshorne; Robert A. Wheeler. | |
| 942 |
_2udc _cBK |
||
| 999 |
_c497 _d497 |
||